| 000 | 00929nam a2200205 i 4500 | ||
|---|---|---|---|
| 001 | 186090 | ||
| 003 | ES-MaACL | ||
| 005 | 20250927121604.0 | ||
| 008 | 160907s1935 fr |||| | fre d | ||
| 100 | 1 |
_aBalzac, Honoré de, _d1799-1850 _925139 |
|
| 245 | 1 | 3 |
_aLa comédie humaine. _nIV, _pÉtudes de moeurs. Scènes de la vie de province. II / _cBalzac ; texte établi par Marcel Bouteron. |
| 260 |
_a[Paris] : _bÉd. de la Nouvelle Revue française, _c1935. |
||
| 300 |
_a1065 p. ; _c18 cm. |
||
| 490 | 1 |
_aBibliothèque de la Pléiade ; _v31 |
|
| 505 | 8 | _aContiene: L'illustre Gaudissart ; La muse du département ; La vieille fille ; Le cabinet des antiques ; Les deux poètes ; Un grand homme de province à Paris ; Les souffrances de l'inventeur | |
| 600 | 1 | 7 |
_aBouteron, Marcel, _d1877-1962 _2 _9160767 |
| 830 | 0 |
_aBibliothèque de la Pléiade ; _v31 _9180233 |
|
| 852 |
_aES-MaACL _jE-5149 |
||
| 999 |
_c186090 _d186090 |
||